| 000 | 00740cam a22002411 4500 | ||
|---|---|---|---|
| 999 |
_c129459 _d129459 |
||
| 001 | 2637355 | ||
| 003 | ARRUPE | ||
| 005 | 20190425121110.0 | ||
| 008 | 770920s1952 nyua b 000 0 eng | ||
| 010 | _a 52007197 | ||
| 040 |
_aDLC _cMB _dDLC |
||
| 050 | 0 | 0 |
_aBF891 _b.R68 |
| 082 | 0 | 0 | _a137.75 |
| 100 | 1 |
_aRoman, Klara G. _q(Klara Goldzieher) _945982 |
|
| 245 | 1 | 0 |
_aHandwriting, _ba key to personality. _cKlara G. Roman |
| 260 |
_a[New York] _bThe Noonday Press _c[1962] |
||
| 300 |
_axi, 382 p. _billus. _c22 cm. |
||
| 504 | _aBibliography: p. 363-370. | ||
| 650 | 0 |
_aGraphology. _945983 |
|
| 906 |
_a7 _bcbc _corignew _du _eocip _f19 _gy-gencatlg |
||
| 942 |
_2lcc _cMONOGRAPH |
||